000 00514nam a2200181Ia 4500
003 LK-CoDNM
008 010623t1979 xxu||||| |||| 00| 1 sin d
040 _aLK-CoDNM
_dLK-CoDNM
_eLK-CoDNM
041 _asin
080 _a659.3
_bDIS
100 _aDissanayaka, Wimal
245 _aසංවර්ධනය හා සන්නිවේදනය
246 _aSanvarqanaya haa sanniveedanaya
260 _bPradeepa prakashakayo
_aColombo
_c1979
300 _b119, 19 cm
650 _aCommunication
942 _cBK
999 _c111068
_d111068